Villes commençant par D sur une carte - Statistiques

Statistiques générales
  • Ce quiz a été pris 324 fois
  • Le résultat moyen est 15 sur 30
Réponses sur la Carte
Les réponses sont colorées sur une échelle allant du rouge au vert en fonction du pourcentage des utilisateurs qui les ont devinées à leur premier essai. Vous pouvez retrouver ces pourcentages ci-dessous.
 
Statistiques - réponses
ville % Correct
Dublin
97%
Dacca
89%
Dijon
85%
Dakar
83%
Dallas
83%
Denver
78%
Düsseldorf
75%
Delhi
74%
Dubai
71%
Doha
70%
Détroit
69%
Djibouti
68%
Damas
67%
Dar es Salam
61%
Dresde
52%
Douchanbé
46%
Donetsk
43%
Durban
43%
Dili
42%
Dodoma
42%
Douala
37%
Darwin
34%
Dundee
29%
Des Moines
16%
Daegu
13%
Dalian
10%
Dammam
9%
Davao
9%
Dongguan
4%
Đà Nẵng
0%
Aucun quiz correspondant
Distribution des résultats
% des personnes avec chaque résultat
Percentile par nombre de réponses
Votre historique - résultats
Vous n’avez pas pris ce quiz